000 00748nam a2200277Ia 4500
005 20260324112652.0
008 008 260324s9999 xx 000 0 eng d
020 _a9781003493570
037 _aEBOOK
040 _aCRL
040 _beng
040 _cCRL
041 _2eng
041 _aeng
084 _qCRL
100 _aArun Kumar Rana; Rashmi Gupta; Sharad Sharma; Ahmed A. Elngar; Sachin Dhawan
_91143663
245 0 _aFusion of Artificial Intelligence and Machine Learning in Advanced Image Processing
260 _bTaylor and Francis
260 _c2024
365 _a
365 _b320
856 _uhttp://www.taylorfrancis.com/books/9781003493570
942 _cEBOOK
999 _c1732954
_d1732954